000 00927cab a2200253 4500
001 ABS46925
008 090401t1992 xxu||||| |||| 00| 0 eng d
035 _a(Sirsi) u60150
041 _aeng
100 _avan der Wal, H.
245 _aGPS - national points of contact
260 _c1992
350 _a0
490 _aGeodetical Info Magazine
_v6(8) August 1992, 57-58(2)
520 _aDescribes the aims of the Civil GPS Interface founded by the US Department of Transportation in 1988, chiefly to exchange GPS information between civil and defence communities. There is also an international information subcommittee to deal with GPS needs of countries other than the US.
650 _aCIVIL GPS INTERFACE
650 _aGLOBAL POSITIONING SYSTEMS
650 _aINFORMATION NETWORK
650 _aNATIONAL POINTS OF CONTACT
650 _aUSA
690 _aLAND SURVEYING
942 _n0
948 _c04/03/1997
999 _c37053
_d37053